00988nam a2200277 a 450000100060000000300080000600500170001400800410003102000150007203500190008704000320010604100080013808200220014610000380016824500790020626000550028530000290034050400510036965000220042065000430044270000360048570000350052194200120055699900170056895201250058547266BD-RjUL20211209054303.0160807s1979 ilua b 001 0 eng  a0673150569 a(BD-RjUL)47385 aDLCcDLCdDLCdBD-RjULbeng aeng00a371.102bFAT 19791 aFain, Stephen M.,d1940- 914387910aTeaching in America /cStephen M. Fain, Robert Shostak, with John F. Dean. aGlenview, Ill. :bScott, Foresman and Co.,cc1979. a364 p. :bill. ;c24 cm. aIncludes bibliographical references and index. 0aTeaching.9143880 0aTeacher-student relationships.91438811 aShostak, Robert,d1931-91438821 aDean, John F.,d1926- 9143883 2ddccBK c47266d47266 00102ddc40708NFICaRUCLbRUCLcStackd1987-07-27eN/Al0o371.102 FAT 1979r2016-08-07 00:00:00tC-2w2016-08-07yBK